03984nam a22002297a 4500003000900000005001700009008004100026040002800067041000800095100004800103245025500151260005900406300003800465502022700503504005200730505035500782520229201137650011103429650010103540700005203641700006103693DO-SdBJH20260310192438.0260310b2025 |||d|||| |||| 00| 0 spa d aDO-SdBJHbspacDO-SdBJH0 aspa1 aSantos Aquino, Martirez de losesustentante10aAnálisis de las estrategias de programas de fomento a la cultura de defensa en República Dominicana 2020-2023 /cMartirez de los Santos Aquino ; asesor de contenido Santo D. Guerrero Clase ; asesor metodológico Santiago Edmundo Morales Gómez. aSanto Domingo, República Dominicana :bUNADE,c2025. axxvi, 97 páginas :bgráficas. aTesis y trabajos de grado (Maestría en Seguridad y Defensa Nacional)--Universidad Nacional para la Defensa "General Juan Pablo Duarte y Díez", Escuela de Graduados de Altos Estudios Estratégicos, Santo Domingo, 2025. aIncluye referencias bibliográficas y anexos.  aLas relaciones civiles, militar y su importancia en el desarrollo de la cultura de defensa en la República Dominicana -- Aportes de las instituciones educativas y medios de comunicación, al fomento de la cultura de la defensa, 2020-2023 -- Analizar las políticas y estrategias que fortalecen la cultura de defensa en los ciudadanos dominicanos. aLa presente investigación, titulada: "Análisis de las estrategias de programas de fomento a la cultura de defensa en República Dominicana 2020-2023", tuvo el interés analizar de forma crítica y coherente las políticas diseñadas por el Estado Dominicano en lo que se refiere a los programas e iniciativas para impulsar y fortalecer la cultura de defensa, que se entiende como el compromiso de la sociedad civil como la elite militar, ambas contribuyen a la seguridad, la soberanía, la identidad nacional. Se planteó que la defensa nacional no es solo asunto de las Fuerzas Armadas, sino también de toda la ciudadanía y de los sectores que interactúan con ella. Metodológicamente, se empleó un enfoque cualitativo, con un diseño no experimental y de corte transversal, apoyado en la revisión documental de fuentes primarias y secundarias, entrevistas a expertos en seguridad y defensa, así como el análisis histórico y comparativo de políticas de defensa tomada como referencias implementadas en otros países. Este enfoque permitíos comprender como has evolucionado de la cultura de defensa y sus vínculos con la gobernabilidad y la democrática. Entre los principales hallazgos, se evidencia que la República Dominicana ha avanzado en el fortalecimiento de las relaciones civiles y militares, consolidando el carácter apolítico de las Fuerzas Armadas y reconociendo el papel de la educación y los medios de comunicación en la formación de una ciudadanía consciente de su realidad y mejor informada en los asuntos de la defensa. No obstante, persisten desafíos como la necesidad de mayor participación social, coordinación interinstitucional y modernización de las políticas frente a amenazas contemporáneas como la migración irregular y el crimen organizado. La investigación concluyó que las estrategias del período 2020-2023 constituyen un avance significativo, pero requieren continuidad de las políticas y estrategia, evaluación constante de los medios y métodos de las políticas de defensa y mayor inversión en tecnología, educación media y superior, para garantizar una cultura de defensa sostenible y alineada con los intereses, objetivos nacionales y los principios democráticos. 72lembaDefensa nacionalvInvestigacionesxRelaciones civiles y militaresy2020-2023zRepública Dominicana 72lembaCultura de DefensavInvestigacionesxSeguridad nacionaly2020-2023zRepública Dominicana1 aGuerrero Clase, Santo D. easesor de contenido1 aMorales Gómez, Santiago Edmundoeasesor metodológico